000 00986nam a2200289 a 4500
001 000019530
003 DO-SdBNP
005 20260414203044.0
008 100630s2007 es abc 001 0 spa d
020 _a9788497649599
040 _aDO-SdBNP
_bspa
_cBNPHU
049 _aBNPHU
082 _a932
245 0 0 _aLugares sagrado del antiguo Egipto :
_buna guía ilustrada de los templos y las tumbas de los faraones /
_ceditor, Joanna Lorenz ; ilustración, Chris Orr ; coordinadora, Ann Childers.
260 _aMadrid :
_bEdimat Libros,
_c2007.
300 _a256 p. :
_bil., map., retrs. ;
_c31 cm.
650 4 _aTemplos
_zEgipto
_941902
650 4 _aPirámides
_zEgipto
_941903
650 4 _aTumbas
_941904
650 0 _aArquitectura antigua
_941905
_zEgipto
650 4 _aLugares sagrados
_zEgipto
_941907
651 4 _aFaraones
_941906
700 1 _aLorenz, Joanna
_eed.
_941908
700 1 _aOrr, Chris
_eil.
_941909
700 1 _aChilders, Ann
_ecoor.
_941910
942 _2ddc
_cLBS1
999 _c19046
_d19046